000 00263nam a22000977a 4500
008 221018b |||||||| |||| 00| 0 eng d
020 _a9781612681139
100 _aKlyosaki T Robert
_97585
245 _aRich Dad Poor Dad
260 _aUSA
_bPlata Publication
_cApril-2022
999 _c12076
_d12076